Online
Catalog

El diario secreto de Napoleón Bonaparte : (Record no. 11467)

MARC details
000 -CABECERA
campo de control de longitud fija 00944nam a2200253 a 4500
001 - NÚMERO DE CONTROL
campo de control 000011793
005 - FECHA Y HORA DE LA ÚLTIMA TRANSACCIÓN
campo de control 20200929162552.0
008 - DATOS DE LONGITUD FIJA--INFORMACIÓN GENERAL
campo de control de longitud fija 091027s1965 sp 000 0 spa d
040 ## - FUENTE DE LA CATALOGACIÓN
Centro catalogador/agencia de origen DO-SdBNP
Lengua de catalogación spa
Centro/agencia transcriptor BNPHU
041 17 - CÓDIGO DE LENGUA
Código de lengua del texto/banda sonora o título independiente spa
Código de lengua original eng
Fuente del código Código de idioma MARC
082 ## - NÚMERO DE LA CLASIFICACIÓN DECIMAL DEWEY
Número de clasificación 923.1
Número de documento/Ítem D822d
049 ## - FONDOS LOCALES (OCLC)
Fondos de biblioteca BNGR
100 1# - ENTRADA PRINCIPAL--NOMBRE DE PERSONA
Nombre de persona Duca, Lo
9 (RLIN) 27908
240 13 - TÍTULO UNIFORME
Título uniforme Le journal secret de Napoleón Bonaparte,
Lenguaje de la obra español
245 13 - MENCIÓN DE TÍTULO
Título El diario secreto de Napoleón Bonaparte :
Resto del título 1769-1869 /
Mención de responsabilidad, etc. Lo Duca ; traducción, Kenneth Lyons Macquillan ; prólogo, Jean Cocteau.
260 ## - PUBLICACIÓN, DISTRIBUCIÓN, ETC.
Lugar de publicación, distribución, etc. Barcelona :
Nombre del editor, distribuidor, etc. Sagitario,
Fecha de publicación, distribución, etc. 1965.
300 ## - DESCRIPCIÓN FÍSICA
Extensión 337 p. ;
Dimensiones 21 cm.
490 1# - MENCIÓN DE SERIE
Mención de serie Literaria
534 ## - NOTA SOBRE LA VERSIÓN ORIGINAL
Frase introductoria Título original en inglés:
Mención de título del original Le journal secret de Napoleón Bonaparte
650 #4 - PUNTO DE ACCESO ADICIONAL DE MATERIA--TÉRMINO DE MATERIA
Término de materia o nombre geográfico como elemento de entrada Napoleón,-i,
Subdivisión general Emperador de francia,
Fechas vigentes 1769-1821
Subdivisión de forma BIOGRAFÍAS
9 (RLIN) 27909
700 1# - PUNTO DE ACCESO ADICIONAL--NOMBRE DE PERSONA
Nombre de persona Lyons Macquillan,
Término indicativo de función/relación tr.
9 (RLIN) 27910
700 1# - PUNTO DE ACCESO ADICIONAL--NOMBRE DE PERSONA
Nombre de persona Cocteau, Jean,
Término indicativo de función/relación Pról.
9 (RLIN) 27911
830 #0 - PUNTO DE ACCESO ADICIONAL DE SERIE-TÍTULO UNIFORME
Título uniforme Literaria
9 (RLIN) 21679
Holdings
Estado de retiro Estado de pérdida Restricciones de uso No para préstamo Código de colección Localización permanente Ubicación/localización actual Ubicación en estantería Fecha de adquisición Número de inventario Total de préstamos Signatura topográfica completa Código de barras Fecha visto por última vez Precio válido a partir de Tipo de ítem Koha
    Préstamo interno   Monografías: Libros y Folletos General General En catalogación 27.10.2009 LF1   923.1 D822d 11793-10 25.06.2020 25.06.2020 Préstamo interno

Powered by Koha